<?xml version="1.0" encoding="UTF-8" ?>
<collection xmlns="http://www.loc.gov/MARC21/slim"><record><leader>00956nam a2200253   4500</leader><controlfield tag="001">231048</controlfield><controlfield tag="003">CH-000273-5</controlfield><controlfield tag="005">20250731162437.0</controlfield><datafield tag="020" ind1=" " ind2=" "><subfield code="a">978-3-03942-263-0</subfield></datafield><datafield tag="040" ind1=" " ind2=" "><subfield code="a">CH-000273-5</subfield><subfield code="b">ger</subfield><subfield code="e">rda</subfield></datafield><datafield tag="041" ind1="0" ind2=" "><subfield code="a">ger</subfield></datafield><datafield tag="041" ind1="0" ind2=" "><subfield code="a">fre</subfield></datafield><datafield tag="100" ind1="1" ind2=" "><subfield code="a">Klossner, Frantiček</subfield><subfield code="d">1960-</subfield><subfield code="e">Künstler</subfield><subfield code="4">art</subfield></datafield><datafield tag="245" ind1="1" ind2="0"><subfield code="a">Frantiček</subfield><subfield code="b">menschliche Aggregatszustände</subfield><subfield code="c">mit Texten von Sebastian Baden [und 20 weiteren] ; Konzeption: Frantiček Klossner</subfield></datafield><datafield tag="264" ind1=" " ind2="1"><subfield code="a">Zürich</subfield><subfield code="b">Scheidegger &amp; Spiess</subfield><subfield code="c">[2025]</subfield></datafield><datafield tag="300" ind1=" " ind2=" "><subfield code="a">495 Seiten</subfield><subfield code="c">59 cm</subfield></datafield><datafield tag="336" ind1=" " ind2=" "><subfield code="a">Text</subfield><subfield code="b">txt</subfield><subfield code="2">rdacontent</subfield></datafield><datafield tag="336" ind1=" " ind2=" "><subfield code="a">unbewegtes Bild</subfield><subfield code="b">sti</subfield><subfield code="2">rdacontent</subfield></datafield><datafield tag="337" ind1=" " ind2=" "><subfield code="a">ohne Hilfsmittel zu benutzen</subfield><subfield code="b">n</subfield><subfield code="2">rdamedia</subfield></datafield><datafield tag="338" ind1=" " ind2=" "><subfield code="a">Band</subfield><subfield code="b">nc</subfield><subfield code="2">rdacarrier</subfield></datafield><datafield tag="600" ind1="1" ind2="7"><subfield code="a">Klossner, Frantiček</subfield><subfield code="d">1960-</subfield><subfield code="x">Plastik</subfield><subfield code="x">Installation</subfield><subfield code="g">Kunst</subfield><subfield code="x">Film</subfield><subfield code="x">Performance</subfield><subfield code="g">Künste</subfield><subfield code="x">Mensch</subfield><subfield code="g">Motiv</subfield><subfield code="x">Körper</subfield><subfield code="g">Motiv</subfield><subfield code="2">gnd</subfield></datafield><datafield tag="655" ind1=" " ind2="7"><subfield code="a">Bildband</subfield><subfield code="2">gnd-content</subfield></datafield><datafield tag="700" ind1="1" ind2=" "><subfield code="a">Baden, Sebastian</subfield><subfield code="d">1980-</subfield><subfield code="e">Verfasser</subfield><subfield code="4">aut</subfield></datafield><datafield tag="852" ind1="4" ind2=" "><subfield code="a">CH-000273-5</subfield><subfield code="c">D 2025/0154</subfield></datafield></record></collection>